000 00503nam a22001697a 4500
999 _c8318
_d8318
008 201113b ||||| |||| 00| 0 eng d
040 _aBMS College of Architecture
100 _aDeepthika, N
245 _aInterface
300 _a48p.
500 _a1BM15AT020
502 _8B,Arch
_NBMS College of Architecture, Visvesvaraya Technological University (VTU)
_aProject report
_d2019
650 _aInterface
700 _aSanal Suresh Karayil
_eGuide
700 _aMamta Verma
_eGuide
942 _2ddc
_cTHE